Top 18 Ligue 1 club of all time - Statistiques

Statistiques générales
  • Ce quiz a été pris 121 fois
  • Le résultat moyen est 15 sur 18
Statistiques - réponses
Points Réponse % Correct
3475 Lille
98%
3788 Lyon
98%
4324 Marseille
98%
3227 Nantes
98%
3386 PSG
98%
3918 Bordeaux
95%
3981 Monaco
95%
3216 Lens
93%
3239 Rennes
92%
3002 Strasbourg
91%
3345 Nice
90%
1941 Montpellier
84%
2870 Metz
79%
1881 Auxerre
76%
3882 ASSE
70%
2161 Reims
65%
3209 Sochaux
61%
1791 Nîmes
35%
Aucun quiz correspondant
Distribution des résultats
% des personnes avec chaque résultat
Percentile par nombre de réponses
Votre historique - résultats
Vous n’avez pas pris ce quiz